| 000 | 00839nam a22002177a 4500 | ||
|---|---|---|---|
| 005 | 20240530110500.0 | ||
| 008 | 150702s2011 ua ao f 000 0 ara d | ||
| 017 |
_a2011/9859 _bمصر . دار الكتب المصرية |
||
| 020 | _a9789774218844 | ||
| 040 | _aEG-CaGPL | ||
| 082 | 0 | 4 |
_221 _a916.2 _bق/ح ق |
| 100 | 0 | _aحمدى ابو جليل | |
| 245 | 1 | 2 |
_aالقاهرة : _bشوراع و حكايات / _cتاليف حمدى ابو جليل |
| 260 |
_aالقاهرة : _bالهيئة المصرية العامة للكتاب ، _c2011 . |
||
| 300 |
_a528 ص : _bصور ؛ _c2011 . |
||
| 650 | 0 | 4 |
_aالشوارع _xاسماء _zالقاهرة |
| 651 | 0 | 4 |
_aالقاهرة _xالشوراع |
| 651 | 0 | 4 |
_aالقاهرة _xالشوراع _yالعصر الفاطمى |
| 942 |
_2ddc _cBK |
||
| 999 |
_c61466 _d61466 |
||